000 00208nam a22000977a 4500
003 OSt
008 200922b ||||| |||| 00| 0 eng d
100 _aThomas, C. J
_94324
245 _aVishavriksham
942 _cBK
999 _c16339
_d16339